Thể chế kinh tế thị trường xã hội chủ nghĩa có đặc sắc Trung Quốc : (Một số đột phá mới về lý luận và thực tiễn từ Đại hội XV Đảng Cộng Sản Trung Quốc đến nay)

সংরক্ষণ করুন:
গ্রন্থ-পঞ্জীর বিবরন
প্রধান লেখক: Nguyễn Kim Bảo, TS
বিন্যাস: গ্রন্থ
প্রকাশিত: Khoa học xã hội 2002
ট্যাগগুলো: ট্যাগ যুক্ত করুন
কোনো ট্যাগ নেই, প্রথমজন হিসাবে ট্যাগ করুন!
Thư viện lưu trữ: Mạng thư viện Đại học Đà Nẵng
LEADER 00766nam a2200229 a 4500
001 000029276
003 13972
005 20171030145630.0
008 171030s2002
020 |c 43000 
040 |a LTT 
082 0 |a 330.1  |b NG-B 
100 1 |a Nguyễn Kim Bảo, TS 
245 0 0 |a Thể chế kinh tế thị trường xã hội chủ nghĩa có đặc sắc Trung Quốc : (Một số đột phá mới về lý luận và thực tiễn từ Đại hội XV Đảng Cộng Sản Trung Quốc đến nay)  |c Nguyễn Kim Bảo chủ biên. 
260 |b Khoa học xã hội  |c 2002 
OWN |a LTT 
999 |a From the UDN01 
TYP |a Monograph 
TYP |a Printed language 
980 |a Mạng thư viện Đại học Đà Nẵng